000 01719cam a22004334i 4500
003 PE-LiUPU
005 20250731175646.0
008 150616s r 000 0 d
020 _a9652234362
035 _a(Sirsi) i9789652234360
040 _aPE-LiUPU
_bspa
_cPE-LiUPU
_erda
049 _aPRUA
082 0 4 _a492.2
_bN31
_221
100 1 _aNaveh, Joseph,
_eautor.
245 1 0 _aEarly history of the alphabet :
_ban introduction to West Semitic epigraphy and palaeography /
_cpor Joseph Naveh.
264 1 _aJerusalem :
_bThe Magnes Press, The Hebrew University,
_c1987.
300 _a222 páginas :
_bilustraciones ;
_c23 centímetros
336 _atext
_2rdacontent
337 _aunmediated
_2rdamedia
338 _avolume
_2rdacarrier
505 0 _aIntroduction.- The rise of the semitic script.- The south semitic scripts.- The west semitic scripts.- The development of the later aramaic offshoots.- The antiquity of the greek alphabet.
526 _aP145
526 _aP127
526 _aP97
526 _aP35
526 _aP14
526 _aP07
650 0 4 _aAlfabeto
_xHistoria.
650 0 4 _aInscripciones antisemitas.
650 0 4 _aLenguas semíticas, Oeste
_xAlfabeto.
650 0 4 _aPaleografía semita.
910 _ajck
_bjvq
_cjck
942 _2ddc
_cBOOK
949 _a492.2 N31
_wDEWEY
_c1
_i43223
_lCCODEBUL1
_mBUL
_r0
_sY
_tBOOK
_u2015-6-16
_xTEOLOGIA
_zUNKNOWN
_0COMPRA
_o.STAFF. Colección General
994 _aC0
_bPEPRU
596 _a1
999 _a492.2 N31
_wDEWEY
_c61186
_i43223
_f2021-11-5
_g5
_lCCODEBUL1
_mBUL
_r0
_sY
_tBOOK
_u2015-6-16
_xBIBLIOTECA
_zUNKNOWN
_0COMPRA
_o.STAFF. Colección General
_d61186
980 _81
_gALBERTO SANCHEZ Responsable de Automatización